000
002870000a22001090004500
090
_a
AS
_b
Seriadas
245
1
0
_a
Nueva Inga de Colombia
041
0
_a
Español
100
1
_a
Uribe Uribe, Lorenzo
_9
96776
942
_c
ARTICULO
773
1
_t
Mutisia: Acta Botánica Colombiana
_3
893
_h
1
_q
5-6
_d
1952
999
_c
15319
_d
15319